<?xml version="1.0" encoding="UTF-8"?>
<record
    xmlns:xsi="http://www.w3.org/2001/XMLSchema-instance"
    xsi:schemaLocation="http://www.loc.gov/MARC21/slim http://www.loc.gov/standards/marcxml/schema/MARC21slim.xsd"
    xmlns="http://www.loc.gov/MARC21/slim">

  <leader>00813nam2a22002531  4500</leader>
  <controlfield tag="001">RU\NLR\INFOCOMM29\5000100857</controlfield>
  <controlfield tag="005">20250617034609.0</controlfield>
  <datafield tag="035" ind1=" " ind2=" ">
    <subfield code="a">(NLR Aleph) 002424193</subfield>
  </datafield>
  <datafield tag="090" ind1=" " ind2=" ">
    <subfield code="a">1932996</subfield>
    <subfield code="c">1932996</subfield>
  </datafield>
  <datafield tag="100" ind1=" " ind2=" ">
    <subfield code="a">20050201d1900    |||y0rusy50      ca</subfield>
  </datafield>
  <datafield tag="101" ind1="0" ind2=" ">
    <subfield code="a">rus</subfield>
  </datafield>
  <datafield tag="102" ind1=" " ind2=" ">
    <subfield code="a">RU</subfield>
  </datafield>
  <datafield tag="105" ind1=" " ind2=" ">
    <subfield code="a">y   ||||000|y</subfield>
  </datafield>
  <datafield tag="200" ind1="1" ind2=" ">
    <subfield code="a">&#x411;&#x43E;&#x440;&#x44C;&#x431;&#x430; &#x438; &#x43B;&#x44E;&#x431;&#x43E;&#x432;&#x44C;</subfield>
    <subfield code="f">&#x410;.&#x41D;. &#x415;&#x43C;&#x435;&#x43B;&#x44C;&#x44F;&#x43D;&#x43E;&#x432;</subfield>
  </datafield>
  <datafield tag="210" ind1=" " ind2=" ">
    <subfield code="d">1900</subfield>
    <subfield code="a">&#x411;. &#x43C;.</subfield>
  </datafield>
  <datafield tag="461" ind1=" " ind2="0">
    <subfield code="1">001RU\NLR\INFOCOMM29\5000100499</subfield>
    <subfield code="1">2001#$a&#x427;&#x438;&#x442;&#x430;&#x442;&#x435;&#x43B;&#x44C;$v&#x413;.5 1900, &#x41A;&#x43D;.9(209)</subfield>
    <subfield code="9">1932607</subfield>
    <subfield code="c">&#x41C;.</subfield>
    <subfield code="d">1896-1901</subfield>
    <subfield code="n">&#x424;.&#x410;. &#x41A;&#x443;&#x43C;&#x430;&#x43D;&#x438;&#x43D;</subfield>
    <subfield code="t">&#x427;&#x438;&#x442;&#x430;&#x442;&#x435;&#x43B;&#x44C;</subfield>
    <subfield code="v">&#x413;.5 1900, &#x41A;&#x43D;.9(209)</subfield>
  </datafield>
  <datafield tag="700" ind1=" " ind2="1">
    <subfield code="a">&#x415;&#x43C;&#x435;&#x43B;&#x44C;&#x44F;&#x43D;&#x43E;&#x432;</subfield>
    <subfield code="b">&#x410;.&#x41D;.</subfield>
    <subfield code="4">070</subfield>
  </datafield>
  <datafield tag="801" ind1=" " ind2="1">
    <subfield code="a">RU</subfield>
    <subfield code="b">InfoComm</subfield>
    <subfield code="c">20050201</subfield>
  </datafield>
  <datafield tag="801" ind1=" " ind2="0">
    <subfield code="a">RU</subfield>
    <subfield code="b">NLR</subfield>
    <subfield code="g">PSBO</subfield>
  </datafield>
  <datafield tag="852" ind1=" " ind2=" ">
    <subfield code="a">NLR</subfield>
    <subfield code="j">2/1732</subfield>
  </datafield>
  <datafield tag="942" ind1=" " ind2=" ">
    <subfield code="c">ISSUE</subfield>
  </datafield>
  <datafield tag="980" ind1=" " ind2=" ">
    <subfield code="a">NB</subfield>
  </datafield>
  <datafield tag="980" ind1=" " ind2=" ">
    <subfield code="a">RUSPER</subfield>
  </datafield>
</record>
